[Event "10th Reykjavik op"]
[Site "Reykjavik ISL"]
[Date "1982.02.20"]
[Round "10"]
[White "Sigurjonsson, Johann Oern"]
[Black "Josteinsson, Leifur"]
[Result "1-0"]
[WhiteElo "2240"]
[BlackElo "2300"]
[EventDate "1982.02.09"]
[PlyCount "71"]

1.e4 c5 2.Nf3 Nc6 3.d4 cxd4 4.Nxd4 a6 5.Nc3 e6 6.a3 Qc7 7.Be3 Qb8 8.f4 
Nge7 9.Qf3 Ng6 10.g3 b5 11.Nxc6 dxc6 12.e5 c5 13.Bg2 Ra7 14.Rd1 Bb7 15.
Qc6+ Bxc6 16.Bxc6+ Rd7 17.Bxd7+ Kd8 18.Bxe6+ Kc7 19.Bh3 Kb6 20.b4 Nxe5 21.
fxe5 Qxe5 22.Nd5+ Kb7 23.O-O a5 24.bxc5 f6 25.Bg2 Ka6 26.Bd4 Qe2 27.Rfe1 
Qc4 28.Nc7+ Ka7 29.Bf1 Qxc2 30.Nxb5+ Kb8 31.Rc1 Qg6 32.c6 Bxa3 33.c7+ Kb7 
34.Nxa3 Qg4 35.Nb5 h5 36.Nd6+ 1-0

[Event "10th Reykjavik op"]
[Site "Reykjavik ISL"]
[Date "1982.02.20"]
[Round "10"]
[White "Jonsson, Johann Thorir"]
[Black "Solmundarson, Magnus"]
[Result "0-1"]
[WhiteElo "2200"]
[BlackElo "2380"]
[EventDate "1982.02.09"]
[PlyCount "74"]

1.e4 c6 2.f4 d5 3.e5 h5 4.Nf3 Bg4 5.d4 e6 6.c3 Be7 7.Bd3 g6 8.Be3 Nh6 9.
Nbd2 Nf5 10.Bf2 Nd7 11.b4 a5 12.a3 b6 13.O-O Qc7 14.Qc2 c5 15.Rfc1 O-O 16.
Qb1 axb4 17.axb4 Rfc8 18.Ba6 Rxa6 19.Rxa6 cxb4 20.c4 Bxf3 21.gxf3 Qb7 22.
Qa2 b3 23.Nxb3 dxc4 24.Nd2 b5 25.Ra7 Qd5 26.Qa6 Rb8 27.Ne4 Nxd4 28.Kg2 Ne2
29.Re1 Nxf4+ 30.Kh1 Kf8 31.Be3 Nc5 32.Qa5 Nxe4 33.Bxf4 Ng5 34.Re3 Nxf3 35.
Bh6+ Kg8 36.Kg2 Nh4+ 37.Kh3 Qg2# 0-1

[Event "10th Reykjavik op"]
[Site "Reykjavik ISL"]
[Date "1982.02.21"]
[Round "11"]
[White "Abramovic, Bosko"]
[Black "Shamkovich, Leonid"]
[Result "1/2-1/2"]
[WhiteElo "2445"]
[BlackElo "2470"]
[EventDate "1982.02.09"]
[PlyCount "23"]

1.e4 c5 2.Nf3 d6 3.d4 cxd4 4.Nxd4 Nf6 5.Nc3 Nc6 6.Be2 e6 7.O-O Be7 8.Be3 
O-O 9.Kh1 Bd7 10.f4 Nxd4 11.Qxd4 Bc6 12.Bf3 1/2-1/2

[Event "10th Reykjavik op"]
[Site "Reykjavik ISL"]
[Date "1982.02.21"]
[Round "11"]
[White "Sigurjonsson, Gudmundur"]
[Black "Ivanovic, Bozidar"]
[Result "1-0"]
[WhiteElo "2435"]
[BlackElo "2485"]
[EventDate "1982.02.09"]
[PlyCount "71"]

1.e4 c5 2.Nf3 Nc6 3.d4 cxd4 4.Nxd4 Nf6 5.Nc3 d6 6.Bc4 e6 7.Bb3 Be7 8.Be3 
O-O 9.f4 Bd7 10.Qf3 Qa5 11.O-O Rad8 12.f5 d5 13.exd5 exd5 14.Nxd5 Nxd5 15.
Bxd5 Nxd4 16.Bxd4 Bxf5 17.Qg3 Bg6 18.Qe5 Bf6 19.Bxf7+ Rxf7 20.Qxa5 Bxd4+ 
21.Kh1 Rfd7 22.c3 Bb6 23.Qa4 h5 24.Rad1 Rd2 25.Rxd2 Rxd2 26.b3 Kh7 27.h3 
Re2 28.Qc4 Rxa2 29.Rf8 Ra1+ 30.Kh2 Re1 31.Qc8 Bg1+ 32.Kg3 Re3+ 33.Kh4 Kh6 
34.g4 hxg4 35.Qxg4 Re8 36.Qg5+ 1-0

[Event "10th Reykjavik op"]
[Site "Reykjavik ISL"]
[Date "1982.02.21"]
[Round "11"]
[White "Westerinen, Heikki"]
[Black "Sahovic, Dragutin"]
[Result "0-1"]
[WhiteElo "2440"]
[BlackElo "2450"]
[EventDate "1982.02.09"]
[PlyCount "106"]

1.e4 Nc6 2.Nf3 e6 3.d4 d5 4.e5 b6 5.c3 a5 6.Bb5 Bd7 7.Bd3 Na7 8.Ng5 g6 9.
Qf3 Qe7 10.h4 h6 11.Nh3 Qxh4 12.Be3 Qe7 13.Nd2 Bg7 14.Nf4 O-O-O 15.c4 Bc6 
16.cxd5 exd5 17.Rc1 Bb7 18.Rc3 Kb8 19.O-O Bxe5 20.Bxg6 Nb5 21.Nd3 Bxd4 22.
Rb3 Bxe3 23.fxe3 Nd6 24.Bh5 d4 25.e4 f5 26.Nf4 fxe4 27.Qh3 Rh7 28.Ne6 Rc8 
29.Nxd4 Nf6 30.Be2 Rg8 31.Rg3 Rxg3 32.Qxg3 e3 33.N2f3 Rg7 34.Qf4 Ng4 35.
Rc1 Qf6 36.Qg3 Ne4 37.Qh4 Qxh4 38.Nxh4 Ng3 39.Bd1 c5 40.Nhf5 cxd4 41.Nxg7 
e2 42.Bc2 Be4 43.Ne6 Bxc2 44.Nxd4 Bd1 45.Nf3 Ne5 46.Ne1 Ne4 47.Rc3 Nxc3 
48.bxc3 Kc7 49.Kf2 Kd6 50.Kg3 Kd5 51.Kh4 Ke4 52.Kh5 Nd3 53.Nf3 e1=Q 0-1

[Event "10th Reykjavik op"]
[Site "Reykjavik ISL"]
[Date "1982.02.21"]
[Round "11"]
[White "Kindermann, Stefan"]
[Black "Forintos, Gyozo"]
[Result "1/2-1/2"]
[WhiteElo "2410"]
[BlackElo "2410"]
[EventDate "1982.02.09"]
[PlyCount "74"]

1.d4 e6 2.c4 b6 3.a3 Bb7 4.Nc3 Nf6 5.d5 Bd6 6.Nf3 O-O 7.e4 exd5 8.exd5 c6 
9.Bg5 h6 10.Bh4 cxd5 11.Nxd5 Qe8+ 12.Ne3 Ne4 13.Be2 f5 14.Nd4 f4 15.Nef5 
Be5 16.f3 Bxd4 17.Nxd4 Qh5 18.O-O Qxh4 19.fxe4 Bxe4 20.Bf3 Bxf3 21.Nxf3 
Qh5 22.Re1 Qc5+ 23.Kh1 a5 24.Ne5 f3 25.Nxf3 Qxc4 26.Rc1 Qb5 27.Ne5 Na6 28.
a4 Qxb2 29.Qd5+ Kh7 30.Qd3+ Kg8 31.Rb1 Qa2 32.Re2 Qxa4 33.Qd5+ Kh7 34.Qd3+
Kg8 35.Qd5+ Kh7 36.Qd3+ Kg8 37.Qd5+ Kh7 1/2-1/2

[Event "10th Reykjavik op"]
[Site "Reykjavik ISL"]
[Date "1982.02.21"]
[Round "11"]
[White "Arnason, Jon"]
[Black "Burger, Karl"]
[Result "1/2-1/2"]
[WhiteElo "2445"]
[BlackElo "2420"]
[EventDate "1982.02.09"]
[PlyCount "88"]

1.e4 c6 2.d4 d5 3.Nd2 dxe4 4.Nxe4 Bf5 5.Nc5 b6 6.Nb3 e6 7.Nf3 Bd6 8.g3 Nf6
9.Bg2 Nbd7 10.Qe2 Qc7 11.Nh4 O-O 12.Nxf5 exf5 13.O-O f4 14.Qf3 fxg3 15.
hxg3 Rac8 16.Bg5 h6 17.Bd2 c5 18.dxc5 bxc5 19.Na5 Rb8 20.b3 Ne5 21.Qe2 
Rfe8 22.Nc4 Nxc4 23.Qxc4 Rbd8 24.Rad1 Be5 25.c3 Qa5 26.b4 Qa4 27.Qxc5 Qc2 
28.Rde1 Rxd2 29.Rxe5 Rxe5 30.Qxe5 Qxa2 31.Qc7 g6 32.c4 Kg7 33.c5 Rb2 34.
Qb8 Rc2 35.c6 Qc4 36.Qf4 Qc3 37.Rd1 h5 38.Bf3 Ng4 39.Bxg4 hxg4 40.Rd7 Rc1+
41.Kh2 Rh1+ 42.Kxh1 Qxc6+ 43.f3 Qxd7 44.fxg4 Qd1+ 1/2-1/2

[Event "10th Reykjavik op"]
[Site "Reykjavik ISL"]
[Date "1982.02.21"]
[Round "11"]
[White "Kuligowski, Adam"]
[Black "Helmers, Knut"]
[Result "0-1"]
[WhiteElo "2465"]
[BlackElo "2430"]
[EventDate "1982.02.09"]
[PlyCount "56"]

1.d4 Nf6 2.c4 e6 3.Nc3 Bb4 4.e3 b6 5.Ne2 Bb7 6.a3 Be7 7.d5 O-O 8.Ng3 Bd6 
9.f4 b5 10.dxe6 dxe6 11.Nxb5 e5 12.f5 Nbd7 13.b4 Ne4 14.Bd3 Nxg3 15.hxg3 
Bxg2 16.Rh2 e4 17.Nxd6 exd3 18.Bb2 Qg5 19.Kf2 cxd6 20.Rh5 Qe7 21.Bxg7 Bb7 
22.Qg4 Qe4 23.Qxe4 Bxe4 24.Bxf8 Kxf8 25.Rxh7 Ke7 26.g4 Nf6 27.Rh4 Rg8 28.
Kg3 Bxf5 0-1

[Event "10th Reykjavik op"]
[Site "Reykjavik ISL"]
[Date "1982.02.21"]
[Round "11"]
[White "Horvath, Tamas"]
[Black "Angantysson, Haukur"]
[Result "1/2-1/2"]
[WhiteElo "2400"]
[BlackElo "2400"]
[EventDate "1982.02.09"]
[PlyCount "103"]

1.e4 c5 2.Nf3 e6 3.d4 cxd4 4.Nxd4 Nf6 5.Nc3 Nc6 6.Bf4 d6 7.Nxc6 bxc6 8.e5 
Nd5 9.Nxd5 cxd5 10.Bd3 Qa5+ 11.c3 Qc7 12.Qa4+ Bd7 13.Qd4 Qc5 14.exd6 Qxd4 
15.cxd4 Rb8 16.Rc1 Rb4 17.Rc3 f6 18.Rb3 Rxd4 19.Be3 Rxd3 20.Rxd3 Bxd6 21.
Bxa7 Bb4+ 22.Kd1 Bb5 23.Rd4 Bd6 24.Kd2 Kd7 25.Rc1 Ra8 26.Bc5 Rxa2 27.Rb4 
Bc4 28.Bxd6 Kxd6 29.Rc3 Ra1 30.b3 Bf1 31.Ra4 Rb1 32.Kc2 Re1 33.Re3 Rxe3 
34.fxe3 Bxg2 35.Ra6+ Ke5 36.b4 g5 37.Kc3 Bf1 38.Ra5 Ke4 39.b5 Kxe3 40.b6 
d4+ 41.Kb2 Bg2 42.Ra7 h5 43.b7 Bxb7 44.Rxb7 h4 45.Kc1 g4 46.Rb6 f5 47.
Rxe6+ Kf3 48.Kd2 h3 49.Re2 f4 50.Ke1 g3 51.Kf1 d3 52.Rd2 1/2-1/2

[Event "10th Reykjavik op"]
[Site "Reykjavik ISL"]
[Date "1982.02.21"]
[Round "11"]
[White "Bajovic, Milan"]
[Black "Iskov, Gert"]
[Result "1/2-1/2"]
[WhiteElo "2345"]
[BlackElo "2380"]
[EventDate "1982.02.09"]
[PlyCount "48"]

1.e4 e5 2.Nf3 Nc6 3.c3 Nf6 4.d4 exd4 5.e5 Nd5 6.cxd4 d6 7.Bb5 Be7 8.Nc3 
Nxc3 9.bxc3 O-O 10.exd6 Qxd6 11.O-O Bg4 12.h3 Bh5 13.Be2 Rad8 14.Be3 Qa3 
15.Qb3 Na5 16.Qb5 Bxf3 17.Bxf3 Qxc3 18.Bxb7 Nxb7 19.Qxb7 Qa5 20.Rac1 Bd6 
21.Rc2 Rb8 22.Qf3 Rb5 23.Bd2 Qb6 24.Bc3 Rb1 1/2-1/2

[Event "10th Reykjavik op"]
[Site "Reykjavik ISL"]
[Date "1982.02.21"]
[Round "11"]
[White "Gudmundsson, Elvar"]
[Black "Bischoff, Klaus"]
[Result "1/2-1/2"]
[WhiteElo "2320"]
[BlackElo "2385"]
[EventDate "1982.02.09"]
[PlyCount "29"]

1.d4 g6 2.c4 Bg7 3.Nc3 d6 4.e4 f5 5.exf5 Bxf5 6.Bd3 Bxd4 7.Bxf5 Bxc3+ 8.
bxc3 gxf5 9.Qh5+ Kd7 10.Qxf5+ e6 11.Qb5+ Nc6 12.Nf3 Qf6 13.O-O Ne7 14.Bg5 
Qf5 15.Rad1 1/2-1/2

[Event "10th Reykjavik op"]
[Site "Reykjavik ISL"]
[Date "1982.02.21"]
[Round "11"]
[White "Arnason, Asgeir Thor"]
[Black "Hjartarson, Johann"]
[Result "0-1"]
[WhiteElo "2240"]
[BlackElo "2425"]
[EventDate "1982.02.09"]
[PlyCount "100"]

1.c3 g6 2.d4 f5 3.g4 fxg4 4.e4 d6 5.h3 Nf6 6.Bd3 Bg7 7.Bg5 c6 8.hxg4 Bxg4 
9.f3 Be6 10.Ne2 Bf7 11.f4 Na6 12.Nd2 Nc7 13.Nf3 d5 14.e5 Ne4 15.Bh6 Ne6 
16.Nd2 Nxd2 17.Qxd2 Bxh6 18.Rxh6 Ng7 19.Ng3 Qd7 20.O-O-O Qg4 21.Qe3 O-O-O 
22.Rdh1 Rdg8 23.R1h4 Qd7 24.f5 gxf5 25.e6 Bxe6 26.Rxe6 f4 27.Rxf4 Nxe6 28.
Bf5 Rg6 29.Nh5 Qd6 30.Rf1 Kd8 31.Re1 Nf8 32.Bxg6 hxg6 33.Nf4 Rh7 34.Rg1 
Rf7 35.Nd3 Qh2 36.Re1 Kc8 37.Re2 Qh1+ 38.Kc2 Nd7 39.Qe6 Qf1 40.Rh2 Qf5 41.
Qe2 g5 42.a4 Qe4 43.Rh8+ Kc7 44.Qh2+ e5 45.dxe5 Nc5 46.e6+ Kb6 47.a5+ Ka6 
48.Rh3 Rh7 49.Qg3 Rxh3 50.Qxh3 Qe2+ 0-1

[Event "10th Reykjavik op"]
[Site "Reykjavik ISL"]
[Date "1982.02.21"]
[Round "11"]
[White "Olafsson, Fridrik"]
[Black "Hansson, Dan"]
[Result "1/2-1/2"]
[WhiteElo "2530"]
[BlackElo "2260"]
[EventDate "1982.02.09"]
[PlyCount "93"]

1.e4 d6 2.d4 Nf6 3.Nc3 g6 4.Be2 Bg7 5.Bg5 c6 6.Qd2 h6 7.Bf4 Qa5 8.Rd1 Nbd7
9.h3 O-O 10.Nf3 Kh7 11.g4 e5 12.Be3 exd4 13.Nxd4 d5 14.g5 hxg5 15.Nb3 Qb4 
16.a3 Qe7 17.exd5 cxd5 18.Bxg5 Ne5 19.Qf4 Re8 20.Nd4 Kg8 21.Kd2 Qd6 22.Kc1
Nh7 23.Ndb5 Qf8 24.Nc7 Nxg5 25.Nxe8 Ne6 26.Nf6+ Bxf6 27.Qxf6 Nd7 28.Qh4 d4
29.Nd5 Qd6 30.Bc4 Kg7 31.Rhe1 b5 32.Ba2 Bb7 33.Nb4 Ndc5 34.Qg3 Qb6 35.Bxe6
Nxe6 36.Qe5+ Kg8 37.h4 a5 38.Nd5 Bxd5 39.Qxd5 Rd8 40.Qb3 Nc5 41.Qg3 b4 42.
h5 Rd5 43.hxg6 fxg6 44.axb4 axb4 45.Rg1 Rd6 46.Qe5 Qc6 47.c4 1/2-1/2

[Event "10th Reykjavik op"]
[Site "Reykjavik ISL"]
[Date "1982.02.21"]
[Round "11"]
[White "Gruenberg, Rainer"]
[Black "Jonsson, Johannes Gisli"]
[Result "1/2-1/2"]
[WhiteElo "2310"]
[BlackElo "2315"]
[EventDate "1982.02.09"]
[PlyCount "70"]

1.c4 g6 2.Nc3 Bg7 3.d4 Nf6 4.e4 d6 5.Be2 O-O 6.Bg5 Nbd7 7.Qd2 c5 8.d5 b5 
9.cxb5 a6 10.f3 Qa5 11.a4 Qb4 12.a5 axb5 13.Nxb5 Qxd2+ 14.Bxd2 Ne8 15.Bc3 
Ba6 16.Kd2 Rb8 17.Na7 Nc7 18.Nc6 Rbe8 19.Bxg7 Kxg7 20.b4 cxb4 21.Nxb4 Nc5 
22.Ra3 Rb8 23.Nxa6 N7xa6 24.Bxa6 Nxa6 25.Ne2 Rb2+ 26.Ke3 Rc8 27.Re1 Rcc2 
28.Nf4 Ra2 29.Ra1 Rc3+ 30.Rxc3 Rxa1 31.Rc8 Rxa5 32.Re8 Kf6 33.g4 Nc5 34.h4
Ra3+ 35.Kf2 h6 1/2-1/2

[Event "10th Reykjavik op"]
[Site "Reykjavik ISL"]
[Date "1982.02.21"]
[Round "11"]
[White "Karlsson, Hilmar"]
[Black "Frey Beckman, Kenneth"]
[Result "1/2-1/2"]
[WhiteElo "2260"]
[BlackElo "2480"]
[EventDate "1982.02.09"]
[PlyCount "37"]

1.e4 e5 2.Nf3 Nc6 3.d4 exd4 4.Nxd4 Qf6 5.Nf5 g6 6.Ne3 Bg7 7.Nd5 Qd8 8.Nbc3
Nce7 9.Bg5 h6 10.Bh4 d6 11.Nb5 g5 12.Nbxc7+ Kf8 13.Bg3 Nxd5 14.Nxd5 Bxb2 
15.Rb1 Qa5+ 16.Qd2 Qxd2+ 17.Kxd2 Be5 18.Nc7 Rb8 19.Na6 1/2-1/2

[Event "10th Reykjavik op"]
[Site "Reykjavik ISL"]
[Date "1982.02.21"]
[Round "11"]
[White "Solmundarson, Magnus"]
[Black "Hoei, Carsten"]
[Result "1/2-1/2"]
[WhiteElo "2380"]
[BlackElo "2425"]
[EventDate "1982.02.09"]
[PlyCount "117"]

1.c4 Nf6 2.Nc3 d6 3.g3 g6 4.Bg2 Bg7 5.Nf3 O-O 6.O-O e5 7.d3 Nc6 8.Rb1 a5 
9.a3 h6 10.b4 axb4 11.axb4 Re8 12.b5 Nd4 13.Ne1 h5 14.Bg5 Qd7 15.Bxf6 Bxf6
16.Nd5 Bd8 17.e3 Nf5 18.Nc2 Kg7 19.Qd2 Rh8 20.Ra1 Rxa1 21.Rxa1 h4 22.Ra7 
Nh6 23.d4 hxg3 24.hxg3 Ng4 25.Ra8 c6 26.bxc6 bxc6 27.Ndb4 Bb7 28.Ra1 f5 
29.dxe5 Nxe5 30.c5 d5 31.Ra7 Bf6 32.Nd4 Ra8 33.Qa2 Rxa7 34.Qxa7 Nf7 35.Bf1
Bxd4 36.exd4 Ng5 37.Be2 Kf6 38.Qb8 Nf7 39.Nd3 Qe7 40.Ne5 Nxe5 41.dxe5+ 
Qxe5 42.Qxb7 Qxe2 43.Qxc6+ Qe6 44.Qb6 Ke7 45.Qb4 Qc6 46.Kf1 Kd7 47.Ke2 
Qa6+ 48.Ke3 Kc6 49.Qc3 Qa4 50.f3 Qd1 51.Qf6+ Kxc5 52.Qe7+ Kc4 53.Qc7+ Kb3 
54.Qb6+ Kc2 55.Qc5+ Kb1 56.Qb4+ Kc1 57.Qa3+ Kb1 58.Qb4+ Kc1 59.Qa3+ 
1/2-1/2

[Event "10th Reykjavik op"]
[Site "Reykjavik ISL"]
[Date "1982.02.21"]
[Round "11"]
[White "Fridjonsson, Joffus"]
[Black "Savage, Allan George"]
[Result "1/2-1/2"]
[WhiteElo "2260"]
[BlackElo "2310"]
[EventDate "1982.02.09"]
[PlyCount "21"]

1.e4 Nc6 2.d4 d5 3.e5 Bf5 4.g4 Be4 5.f3 Bg6 6.h4 h5 7.g5 e6 8.Be3 Qd7 9.
Ne2 Nge7 10.Nf4 Bf5 11.Nc3 1/2-1/2

[Event "10th Reykjavik op"]
[Site "Reykjavik ISL"]
[Date "1982.02.21"]
[Round "11"]
[White "Thorsteins, Karl"]
[Black "Jonasson, Benedikt"]
[Result "1/2-1/2"]
[WhiteElo "2305"]
[BlackElo "2240"]
[EventDate "1982.02.09"]
[PlyCount "20"]

1.d4 Nf6 2.c4 e6 3.Nc3 Bb4 4.e3 c5 5.Bd3 d5 6.Ne2 cxd4 7.exd4 dxc4 8.Bxc4 
O-O 9.O-O Nbd7 10.a3 Be7 1/2-1/2

[Event "10th Reykjavik op"]
[Site "Reykjavik ISL"]
[Date "1982.02.21"]
[Round "11"]
[White "Kraehenbuehl, Gerhard"]
[Black "Sigurjonsson, Johann Oern"]
[Result "1-0"]
[WhiteElo "2305"]
[BlackElo "2240"]
[EventDate "1982.02.09"]
[PlyCount "91"]

1.c4 e5 2.Nc3 Nc6 3.g3 f5 4.Bg2 Nf6 5.e3 d6 6.Nge2 g6 7.O-O Bg7 8.d3 O-O 
9.Rb1 g5 10.f4 gxf4 11.gxf4 Kh8 12.Nd5 Ne7 13.b3 Ng6 14.Bb2 Ng4 15.h3 Nh6 
16.Ng3 c6 17.Nb4 Qb6 18.Nc2 Nxf4 19.c5 Qxc5 20.d4 Nxh3+ 21.Bxh3 exd4 22.
Bxd4 Bxd4 23.exd4 Qc3 24.Rf3 Qa5 25.Rf4 Rg8 26.Kh2 Bd7 27.a3 Rg5 28.b4 Qa4
29.Qd2 Rag8 30.Ne2 Qa6 31.d5 Nf7 32.Rg1 cxd5 33.Rxg5 Rxg5 34.Ncd4 Qb6 35.
Nc3 Qa6 36.Qb2 Ne5 37.Bf1 Qb6 38.Nxd5 Qd8 39.Nf3 Rh5+ 40.Bh3 Rh6 41.Nxe5 
dxe5 42.Qxe5+ Kg8 43.Rf3 f4 44.Qxf4 Rxh3+ 45.Rxh3 Bxh3 46.Qg3+ 1-0

[Event "10th Reykjavik op"]
[Site "Reykjavik ISL"]
[Date "1982.02.21"]
[Round "11"]
[White "Josteinsson, Leifur"]
[Black "Briem, Stefan"]
[Result "0-1"]
[WhiteElo "2300"]
[BlackElo "2290"]
[EventDate "1982.02.09"]
[PlyCount "84"]

1.d4 d5 2.c4 dxc4 3.Nc3 Nf6 4.e3 a6 5.Bxc4 b5 6.Bd3 Bb7 7.f3 e6 8.Nge2 c5 
9.O-O Nbd7 10.a4 c4 11.Bc2 b4 12.Ne4 a5 13.Nf4 Qb6 14.b3 c3 15.Kh1 h6 16.
Nxf6+ Nxf6 17.e4 g5 18.Ne2 O-O-O 19.Qe1 Ba6 20.Be3 e5 21.Rd1 exd4 22.Bg1 
Bc5 23.Bd3 Bb7 24.Ng3 Rhe8 25.Qf2 Kb8 26.Rfe1 Bc8 27.Qf1 Re7 28.Bc4 h5 29.
Qd3 h4 30.Nf5 Bxf5 31.exf5 Rde8 32.Rxe7 Rxe7 33.h3 Nh5 34.Bh2+ Ng3+ 35.
Bxg3+ hxg3 36.Bd5 Re3 37.Qc4 d3 38.Be4 d2 39.Rf1 Re1 40.Bc2 Qd6 41.Bd1 Bb6
42.f6 Qe5 0-1